000 00952nam a2200265Ia 4500
003 OSt
005 20220923230959.0
006 a|||||r|||| 00| 0
007 ta
008 220922b |||||||| |||| 00| 0 hin d
024 _a327,518
037 _cTextual
040 _aARTS
_cARTS
_bhin
041 _2hin
_ahin
082 _aO152,1:g, Q1
100 _aअग्रवाल, वीरेन्द्र, संपा.
_9157127
245 0 _aहिन्दी काव्य धारा 'ख'
246 _aHindī kāvya dhārā 'kha'
260 _aगाजियाबाद
_b के. एल. पचौरी प्रकाशन
_c2011
300 _a95पृ.
_ccm.
650 _a हिन्दी साहित्य
_9156264
650 _aहिन्दी कविता
942 _hO152,1:g, Q1
_cTEXL
_2CC
999 _c388565
_d388565